[Event "XXIX Open"]
[Site "Donostia San Sebastian ESP"]
[Date "2006.04.09"]
[Round "3"]
[White "Colovic, A."]
[Black "Bergez, L."]
[Result "1-0"]
[WhiteElo "2459"]
[BlackElo "2340"]
[PlyCount "61"]
[EventDate "2006.04.08"]

1. e4 c5 2. Nc3 a6 3. Nf3 b5 4. d4 b4 5. Na4 cxd4 6. Qxd4 Nc6 7. Qb6 Rb8 8.
Qxd8+ Nxd8 9. Be3 Nf6 10. Nd2 Bb7 11. f3 d5 12. Nc5 dxe4 13. Nxb7 Nxb7 14. Bxa6
exf3 15. Bb5+ Nd7 16. Nxf3 Nbc5 17. Bc6 Rc8 18. Ne5 f6 19. Nxd7 Nxd7 20. Ba4
Ra8 21. b3 e6 22. O-O-O Rxa4 23. bxa4 Be7 24. Rhe1 Ne5 25. Bf4 Ng6 26. Bd6 Kf7
27. Re4 f5 28. Rxb4 Bg5+ 29. Kb2 Rd8 30. Rb7+ Kg8 31. Rb8 1-0

[Event "XXIX Open"]
[Site "Donostia San Sebastian ESP"]
[Date "2006.04.09"]
[Round "3"]
[White "Sola, R."]
[Black "Cornette, M."]
[Result "0-1"]
[WhiteElo "2337"]
[BlackElo "2448"]
[PlyCount "160"]
[EventDate "2006.04.08"]

1. e4 d5 2. exd5 Qxd5 3. Nc3 Qa5 4. d4 Nf6 5. Nf3 Bf5 6. Ne5 c6 7. Bc4 e6 8. g4
Bg6 9. h4 Nbd7 10. Nxd7 Nxd7 11. h5 Be4 12. Rh3 Bg2 13. Rd3 Bd5 14. Bxd5 cxd5
15. Bd2 Be7 16. Qe2 Rc8 17. g5 Nb6 18. Nd1 Qa6 19. c3 Nc4 20. Rg3 Bd6 21. Rg4
O-O 22. b3 Nxd2 23. Kxd2 Qxe2+ 24. Kxe2 f5 25. Rg1 f4 26. f3 Rf5 27. Kd3 Be7
28. Nf2 Rxg5 29. Rxg5 Bxg5 30. Nh3 Bh6 31. c4 Kf7 32. c5 g6 33. hxg6+ hxg6 34.
b4 g5 35. Rg1 Kf6 36. Nf2 Bg7 37. Nh3 Bh6 38. Nf2 Kf5 39. Ng4 Bg7 40. Rh1 a5
41. Rb1 axb4 42. Rxb4 Ra8 43. a4 Ra7 44. Nf2 e5 45. dxe5 Bxe5 46. Ng4 Bg7 47.
Ke2 Bc3 48. Rb3 Bh8 49. Rb4 Ra5 50. Rxb7 Rxc5 51. Rb5 Rxb5 52. axb5 Bd4 53. Kd3
Bb6 54. Nh6+ Ke6 55. Ng4 Kd6 56. Nh6 Ke6 57. Ng4 Bd8 58. Nh6 Bf6 59. Ng4 Bg7
60. Nf2 Kd6 61. Nh3 Bf6 62. Nf2 Kc5 63. Ng4 Bg7 64. Nf2 Kxb5 65. Nh3 Bf6 66.
Nf2 Kc5 67. Ng4 Bg7 68. Nf2 Kd6 69. Nh3 Bf6 70. Nf2 Ke6 71. Ng4 Bg7 72. Nf2 Kf5
73. Ng4 Kg6 74. Nf2 Kh5 75. Ke2 Kh4 76. Nd3 Kg3 77. Nb4 g4 78. Nd3 gxf3+ 79.
Ke1 f2+ 80. Nxf2 Bc3+ 0-1

[Event "XXIX Open"]
[Site "Donostia San Sebastian ESP"]
[Date "2006.04.09"]
[Round "3"]
[White "Del Rey, D."]
[Black "Cruz Lopez Claret, C."]
[Result "1-0"]
[WhiteElo "2431"]
[BlackElo "2330"]
[PlyCount "87"]
[EventDate "2006.04.08"]

1. d4 d5 2. Bg5 h6 3. Bh4 c6 4. Nf3 Qb6 5. b3 Bf5 6. e3 Nd7 7. Bd3 Bxd3 8. Qxd3
e6 9. Nbd2 Be7 10. Bg3 Ngf6 11. c4 O-O 12. c5 Qd8 13. h3 b6 14. cxb6 axb6 15.
a4 b5 16. O-O bxa4 17. bxa4 c5 18. Rfb1 Ra7 19. Qb5 Ra5 20. Qb7 Qa8 21. Ne5
Rxa4 22. Rxa4 Qxa4 23. Nc6 Bd8 24. Bd6 Re8 25. dxc5 Qc2 26. Nxd8 Rxd8 27. c6
Qxd2 28. Qc7 Qc2 29. Qxd8+ Kh7 30. Ra1 Qxc6 31. Qc7 Qb5 32. Be7 Qb2 33. Bxf6
Nxf6 34. Rc1 Ne4 35. Qc2 Qxc2 36. Rxc2 Kg6 37. f3 Nf6 38. Rc7 Ne8 39. Ra7 Nf6
40. Ra8 h5 41. Kf2 e5 42. Ke2 Kf5 43. Ra6 h4 44. Kd3 1-0

[Event "XXIX Open"]
[Site "Donostia San Sebastian ESP"]
[Date "2006.04.09"]
[Round "3"]
[White "Andres Gonzalez, I."]
[Black "Petrov, Marij"]
[Result "1/2-1/2"]
[WhiteElo "2330"]
[BlackElo "2427"]
[PlyCount "37"]
[EventDate "2006.04.08"]

1. e4 c5 2. Nf3 Nc6 3. d4 cxd4 4. Nxd4 Qb6 5. Nb3 Nf6 6. Nc3 e6 7. Bd3 a6 8.
O-O Be7 9. Be3 Qc7 10. f4 d6 11. Qf3 b5 12. e5 Nd7 13. exd6 Bxd6 14. Bxb5 Bb7
15. Bd3 Nce5 16. Qe2 Nxd3 17. Qxd3 Nf6 18. Nc5 Bxf4 19. Nxb7 1/2-1/2

[Event "XXIX Open"]
[Site "Donostia San Sebastian ESP"]
[Date "2006.04.09"]
[Round "3"]
[White "Hanley, C."]
[Black "Boudre, JP."]
[Result "1-0"]
[WhiteElo "2418"]
[BlackElo "2325"]
[PlyCount "63"]
[EventDate "2006.04.08"]

1. e4 e5 2. Nf3 Nc6 3. Bb5 Nf6 4. d3 d6 5. O-O Be7 6. c3 O-O 7. Nbd2 a6 8. Ba4
b5 9. Bc2 Nd7 10. Re1 Nb6 11. h3 Re8 12. Nf1 h6 13. Ng3 Bf8 14. d4 g6 15. b3
Bg7 16. Be3 exd4 17. cxd4 d5 18. Qd2 h5 19. e5 Qe7 20. Rac1 Nd8 21. Bg5 Qf8 22.
Nxh5 Ne6 23. Nf6+ Bxf6 24. Bxf6 Nd7 25. Bg5 Qg7 26. Bb1 Bb7 27. Be3 c5 28. dxc5
Rac8 29. Bh6 Qh8 30. h4 Rcd8 31. h5 gxh5 32. Nd4 1-0

[Event "XXIX Open"]
[Site "Donostia San Sebastian ESP"]
[Date "2006.04.09"]
[Round "3"]
[White "Gonzalez de la Torre, S."]
[Black "Gonzalez Menendez, I."]
[Result "1-0"]
[WhiteElo "2317"]
[BlackElo "2413"]
[PlyCount "81"]
[EventDate "2006.04.08"]

1. e4 e6 2. d4 d5 3. Nc3 Bb4 4. e5 c5 5. a3 Bxc3+ 6. bxc3 Ne7 7. Qg4 O-O 8. Bd3
Nbc6 9. Qh5 Ng6 10. Nf3 Nce7 11. h4 Bd7 12. Ng5 h6 13. Nh3 c4 14. Bxg6 Nxg6 15.
Bg5 Qa5 16. Kd2 Be8 17. Bf6 Qc7 18. g4 Kh7 19. g5 Rh8 20. Qg4 h5 21. Qxh5+ Kg8
22. Qf3 Rxh4 23. Ng1 Rxh1 24. Qxh1 Ba4 25. Nf3 Kf8 26. Bxg7+ Kxg7 27. Qh6+ Kg8
28. Rh1 Qe7 29. Rh5 Qxa3 30. Nh4 Qa2 31. Qh7+ Kf8 32. Nxg6+ Ke8 33. Qg8+ Kd7
34. Qxf7+ Kc6 35. Qxe6+ Kb5 36. Qxd5+ Ka6 37. Qe4 Rg8 38. Rh6 Ka5 39. f4 Rg7
40. Nh4 Rd7 41. e6 1-0

[Event "XXIX Open"]
[Site "Donostia San Sebastian ESP"]
[Date "2006.04.09"]
[Round "3"]
[White "Neelotpal, D."]
[Black "Heikkila, A."]
[Result "1-0"]
[WhiteElo "2514"]
[BlackElo "2099"]
[PlyCount "39"]
[EventDate "2006.04.08"]

1. e4 d6 2. d4 Nf6 3. Nc3 g6 4. Bg5 c6 5. Qd2 b5 6. a3 a6 7. f4 Bg7 8. Nf3 O-O
9. O-O-O a5 10. Bd3 b4 11. Nb1 d5 12. e5 Ne4 13. Qe1 f6 14. Bh4 Bh6 15. Bg3 Qb6
16. a4 Bg4 17. Bxe4 dxe4 18. Qxe4 Na6 19. Nbd2 Bf5 20. Qe2 1-0

[Event "XXIX Open"]
[Site "Donostia San Sebastian ESP"]
[Date "2006.04.10"]
[Round "4"]
[White "Prie, E."]
[Black "Del Rey, D."]
[Result "1/2-1/2"]
[WhiteElo "2475"]
[BlackElo "2431"]
[PlyCount "128"]
[EventDate "2006.04.08"]

1. d4 f5 2. Bg5 h6 3. Bh4 g5 4. e4 Nf6 5. e5 e6 6. Bg3 f4 7. Bd3 Rg8 8. exf6
Qxf6 9. Qh5+ Qf7 10. Qxf7+ Kxf7 11. Ne2 fxg3 12. hxg3 Nc6 13. c3 d5 14. Bb5 e5
15. Nd2 exd4 16. Bxc6 bxc6 17. Nxd4 c5 18. N4f3 Bg7 19. O-O-O g4 20. Ne1 Re8
21. Nd3 Bf5 22. Nxc5 Re2 23. Rhf1 d4 24. c4 Kg6 25. Rde1 Rae8 26. Rxe2 Rxe2 27.
Na6 d3 28. Nxc7 Bxb2+ 29. Kxb2 Rxd2+ 30. Kb3 Kg5 31. Nd5 Re2 32. Ne3 Be4 33. a3
h5 34. c5 Kf6 35. Kc3 Ke5 36. Rh1 Bg6 37. c6 Kd6 38. c7 Kxc7 39. Nd5+ Kd6 40.
Nf4 Rc2+ 41. Kd4 d2 42. Rd1 Bf7 43. Kd3 Ra2 44. Rxd2 Rxa3+ 45. Ke4+ Ke7 46. Rb2
Ra4+ 47. Ke5 Ra5+ 48. Kd4 Kf6 49. Rb7 Ra2 50. Ke3 Ra3+ 51. Kd4 Ra2 52. Ke3 Ra5
53. Rc7 Ra3+ 54. Kd4 Ra4+ 55. Ke3 Ra3+ 56. Kd4 Ra2 57. Ke3 Ra5 58. Rc6+ Kg7 59.
Rc7 a6 60. Ne6+ Kf6 61. Nc5 Bd5 62. Ne4+ Kf5 63. f4 gxf3 64. gxf3 Ra3+ 1/2-1/2

[Event "XXIX Open"]
[Site "Donostia San Sebastian ESP"]
[Date "2006.04.10"]
[Round "4"]
[White "Conquest, S."]
[Black "Colovic, A."]
[Result "1-0"]
[WhiteElo "2505"]
[BlackElo "2459"]
[PlyCount "41"]
[EventDate "2006.04.08"]

1. g3 d5 2. Bg2 Nf6 3. Nf3 Bf5 4. O-O Nbd7 5. c4 c6 6. cxd5 cxd5 7. Nc3 e6 8.
d3 Be7 9. h3 Rc8 10. Nh4 Bg6 11. Nxg6 hxg6 12. e4 dxe4 13. dxe4 Qb6 14. Qe2 Nh5
15. Kh2 a6 16. Be3 Qc7 17. Rac1 Qb8 18. Rfd1 Bd6 19. Rxd6 Qxd6 20. Nb5 Qb8 21.
Rxc8+ 1-0

[Event "XXIX Open"]
[Site "Donostia San Sebastian ESP"]
[Date "2006.04.10"]
[Round "4"]
[White "Boudre, JP."]
[Black "Rigo, G."]
[Result "1-0"]
[WhiteElo "2325"]
[BlackElo "2026"]
[PlyCount "75"]
[EventDate "2006.04.08"]

1. e4 e5 2. Nf3 Nc6 3. Bb5 a6 4. Ba4 Nf6 5. O-O Be7 6. Re1 b5 7. Bb3 d6 8. c3
O-O 9. h3 Na5 10. Bc2 c5 11. d4 Qc7 12. Nbd2 cxd4 13. cxd4 Nc6 14. Nb3 a5 15.
Be3 a4 16. Nbd2 Nb4 17. Bb1 Bd7 18. a3 Na6 19. Bd3 Rfe8 20. Rc1 Qb8 21. Qe2 Nc7
22. dxe5 dxe5 23. Nxe5 Bd6 24. Nxd7 Nxd7 25. Nf3 b4 26. Bc4 Ra5 27. Qd2 Ne6 28.
Red1 Bc5 29. Bxe6 Bxe3 30. Qxd7 Ra7 31. Bxf7+ Kf8 32. Qxe8+ Qxe8 33. Bxe8 Bxc1
34. Rxc1 bxa3 35. bxa3 Kxe8 36. Rc4 Kd7 37. Nd4 Ra5 38. f4 1-0

[Event "XXIX Open"]
[Site "Donostia San Sebastian ESP"]
[Date "2006.04.10"]
[Round "4"]
[White "Cornette, M."]
[Black "Flear, G."]
[Result "1/2-1/2"]
[WhiteElo "2448"]
[BlackElo "2465"]
[PlyCount "73"]
[EventDate "2006.04.08"]

1. e4 e5 2. Nf3 Nc6 3. Bb5 a6 4. Bxc6 dxc6 5. O-O Bd6 6. d4 exd4 7. Qxd4 f6 8.
Be3 Be6 9. Nbd2 Ne7 10. Rfd1 Ng6 11. Nc4 Bxc4 12. Qxc4 Qe7 13. a4 O-O-O 14. b4
Ne5 15. Nxe5 Bxe5 16. Rab1 Rxd1+ 17. Rxd1 Rd8 18. Rxd8+ Qxd8 19. f4 Bd6 20. c3
Qe8 21. Kf2 Kb8 22. Qd4 Qe6 23. Kf3 Kc8 24. h3 h5 25. g4 hxg4+ 26. hxg4 Qa2 27.
e5 fxe5 28. fxe5 Be7 29. Qe4 Qd5 30. Qxd5 cxd5 31. Kf4 g6 32. e6 Kd8 33. Ke5 c6
34. a5 Ke8 35. Bd4 Kd8 36. Bb6+ Ke8 37. Be3 1/2-1/2

[Event "XXIX Open"]
[Site "Donostia San Sebastian ESP"]
[Date "2006.04.10"]
[Round "4"]
[White "Genov, Peta"]
[Black "Hanley, C."]
[Result "1/2-1/2"]
[WhiteElo "2465"]
[BlackElo "2418"]
[PlyCount "34"]
[EventDate "2006.04.08"]

1. d4 Nf6 2. c4 e6 3. Nc3 d5 4. Nf3 Bb4 5. cxd5 exd5 6. Qa4+ Nc6 7. Bg5 h6 8.
Bxf6 Qxf6 9. e3 O-O 10. Be2 Qg6 11. O-O Bxc3 12. bxc3 Bh3 13. Ne1 Rfd8 14. Bd3
Bf5 15. Rd1 Ne7 16. c4 b6 17. Bxf5 Nxf5 1/2-1/2

[Event "XXIX Open"]
[Site "Donostia San Sebastian ESP"]
[Date "2006.04.10"]
[Round "4"]
[White "Spraggett, K."]
[Black "Gonzalez de la Torre, S."]
[Result "1-0"]
[WhiteElo "2578"]
[BlackElo "2317"]
[PlyCount "55"]
[EventDate "2006.04.08"]

1. e4 c5 2. Nf3 e6 3. d4 cxd4 4. Nxd4 a6 5. Nc3 Qc7 6. Bd3 Nc6 7. Nxc6 dxc6 8.
O-O Nf6 9. f4 e5 10. Kh1 Bd6 11. f5 b6 12. a4 h5 13. Be3 Nd7 14. Qf3 Bb7 15.
Bc4 Rd8 16. Rad1 Kf8 17. Rd2 Be7 18. Rfd1 b5 19. Ba2 h4 20. h3 Nf6 21. Rxd8+
Bxd8 22. Bc5+ Be7 23. Qe3 Nd7 24. Bxe7+ Kxe7 25. b4 Rh6 26. Qg5+ Kf8 27. Rd3
Kg8 28. Qe7 1-0

[Event "XXIX Open"]
[Site "Donostia San Sebastian ESP"]
[Date "2006.04.10"]
[Round "4"]
[White "Andres Gonzalez, A."]
[Black "Neelotpal, D."]
[Result "0-1"]
[WhiteElo "2410"]
[BlackElo "2514"]
[PlyCount "64"]
[EventDate "2006.04.08"]

1. Nf3 Nf6 2. c4 c6 3. Nc3 d5 4. cxd5 cxd5 5. d4 Nc6 6. Bf4 a6 7. e4 Bg4 8. Be2
e6 9. O-O Be7 10. Ne5 Bxe2 11. Qxe2 Rc8 12. Rac1 O-O 13. Nd3 Nb4 14. h3 Nxd3
15. Qxd3 Qa5 16. a3 Rc6 17. Rc2 Rfc8 18. Rfc1 h6 19. Kf1 Rc4 20. Nd1 b5 21. g4
Qa4 22. Rxc4 Rxc4 23. Rxc4 dxc4 24. Qd2 Nxe4 25. Qc1 Qb3 26. Kg2 Qd3 27. Nc3
Nxc3 28. bxc3 Qe2 29. Bc7 Bh4 30. Bg3 Be7 31. Bc7 h5 32. gxh5 Kh8 0-1

[Event "XXIX Open"]
[Site "Donostia San Sebastian ESP"]
[Date "2006.04.10"]
[Round "4"]
[White "Acosta Garcia, A."]
[Black "Ninov, N."]
[Result "0-1"]
[WhiteElo "2304"]
[BlackElo "2494"]
[PlyCount "62"]
[EventDate "2006.04.08"]

1. d4 Nf6 2. c4 e6 3. Nc3 Bb4 4. Qc2 O-O 5. a3 Bxc3+ 6. Qxc3 d6 7. Bg5 h6 8.
Bh4 a5 9. f3 Nbd7 10. e3 e5 11. Bd3 Re8 12. Ne2 exd4 13. exd4 d5 14. c5 b6 15.
cxb6 Nxb6 16. Rc1 Ba6 17. Bxa6 Rxa6 18. Qxc7 Qxc7 19. Rxc7 Nc4 20. Kf2 Nxb2 21.
Rb1 Rb6 22. Kf1 Re3 23. Bxf6 gxf6 24. Nc3 Nd3 25. Rd1 Rbe6 26. g3 Rxf3+ 27. Kg2
Rf2+ 28. Kh3 Ne1 29. Nxd5 Nf3 30. Nf4 f5 31. g4 Ng5+ 0-1

[Event "XXIX Open"]
[Site "Donostia San Sebastian ESP"]
[Date "2006.04.10"]
[Round "4"]
[White "Gonzalez Menendez, I."]
[Black "Ladron de Guevara, F."]
[Result "1-0"]
[WhiteElo "2413"]
[BlackElo "2104"]
[PlyCount "61"]
[EventDate "2006.04.08"]

1. e4 e5 2. Nf3 Nc6 3. d4 exd4 4. Nxd4 Nf6 5. Nxc6 bxc6 6. e5 Qe7 7. Qe2 Nd5 8.
c4 Nb6 9. g3 Qe6 10. b3 a5 11. Bg2 a4 12. Bb2 axb3 13. axb3 Rxa1 14. Bxa1 Bb4+
15. Nd2 O-O 16. O-O d5 17. Nf3 Bd7 18. Nd4 Qg6 19. f4 Bc5 20. Kh1 Re8 21. f5
Qg5 22. e6 fxe6 23. Nxe6 Bxe6 24. fxe6 Qe3 25. Qg4 Qh6 26. Bh3 Rf8 27. Rxf8+
Bxf8 28. Qf3 Qc1+ 29. Bf1 Qa3 30. Qf7+ Kh8 31. e7 1-0

[Event "XXIX Open"]
[Site "Donostia San Sebastian ESP"]
[Date "2006.04.10"]
[Round "4"]
[White "Manso Marquez, F."]
[Black "Dobrev, N."]
[Result "0-1"]
[WhiteElo "2098"]
[BlackElo "2407"]
[PlyCount "102"]
[EventDate "2006.04.08"]

1. d4 Nf6 2. c4 e6 3. Nc3 Bb4 4. e3 O-O 5. Bd3 d5 6. a3 Be7 7. Nf3 b6 8. O-O
Bb7 9. cxd5 exd5 10. b4 Nbd7 11. Qb3 Re8 12. Bd2 a6 13. Rfc1 Bd6 14. a4 Ne4 15.
Be1 Ndf6 16. b5 a5 17. Ne2 Bc8 18. Ne5 Nc5 19. Rxc5 bxc5 20. Nc6 Bxh2+ 21. Kxh2
Ng4+ 22. Kg1 Qh4 23. Qxd5 Be6 24. Qxc5 Qh2+ 25. Kf1 Qh1+ 26. Ng1 Nh2+ 27. Ke2
Qxg1 28. Ne5 Qxg2 29. Qc2 Bg4+ 30. Kd2 Rxe5 31. dxe5 Rd8 32. Kc1 Qd5 33. Bc4
Qxe5 34. Bc3 Qc5 35. Bd4 Qe7 36. Kb2 Nf3 37. Bc3 Ne5 38. Qe4 Nxc4+ 39. Qxc4 Be6
40. Qe4 Qg5 41. Qe5 Rd2+ 42. Kc1 Qxe5 43. Bxe5 Rxf2 44. Bxc7 Rf1+ 45. Kb2 Rxa1
46. Kxa1 Bb3 47. Bb6 Bd5 48. Kb2 Kf8 49. Kc3 Ke7 50. Kd4 Bc6 51. Kc5 Bd7 0-1

[Event "XXIX Open"]
[Site "Donostia San Sebastian ESP"]
[Date "2006.04.10"]
[Round "4"]
[White "Contin, D."]
[Black "Alcaide Luque, A."]
[Result "1-0"]
[WhiteElo "2396"]
[BlackElo "2092"]
[PlyCount "59"]
[EventDate "2006.04.08"]

1. c4 e6 2. Nf3 f5 3. g3 Nf6 4. Bg2 d5 5. b3 Bd6 6. Bb2 Qe7 7. O-O c6 8. Be5
Nbd7 9. Bxd6 Qxd6 10. d4 O-O 11. Qc1 b6 12. Qf4 Qxf4 13. gxf4 Ba6 14. Rc1 Kf7
15. e3 Rfc8 16. a4 Ke7 17. Bf1 Bb7 18. c5 Ne4 19. a5 Rc7 20. cxb6 axb6 21. b4
c5 22. dxc5 bxc5 23. b5 c4 24. Nd4 Rc5 25. f3 Nd6 26. Nc3 g5 27. a6 gxf4 28.
axb7 Rg8+ 29. Kh1 Nxb7 30. Ra7 1-0

[Event "XXIX Open"]
[Site "Donostia San Sebastian ESP"]
[Date "2006.04.10"]
[Round "4"]
[White "Martin Alvarez, I."]
[Black "Guerra Bastida, D."]
[Result "1-0"]
[WhiteElo "2092"]
[BlackElo "2373"]
[PlyCount "105"]
[EventDate "2006.04.08"]

1. e4 c5 2. Nf3 g6 3. d4 cxd4 4. Nxd4 Nc6 5. Be3 Bg7 6. Nc3 Nf6 7. Nxc6 bxc6 8.
e5 Ng8 9. Bd4 f6 10. exf6 Nxf6 11. Bc4 d5 12. Bb3 Ba6 13. Qd2 O-O 14. O-O-O Qc7
15. Qe3 Kh8 16. Rhe1 Rae8 17. h3 Nh5 18. g4 Nf4 19. Bxg7+ Kxg7 20. Qe5+ Qxe5
21. Rxe5 Nxh3 22. Rde1 Nxf2 23. g5 Nh3 24. Ba4 e6 25. Bxc6 Rc8 26. Rxe6 d4 27.
Bd7 dxc3 28. Rxa6 cxb2+ 29. Kb1 Nxg5 30. Bxc8 Rxc8 31. Rxa7+ Kg8 32. a4 Rb8 33.
Ree7 h5 34. a5 Nf3 35. Rg7+ Kh8 36. Rh7+ Kg8 37. Rag7+ Kf8 38. Rf7+ Kg8 39.
Rfg7+ Kf8 40. Rd7 Kg8 41. Rhg7+ Kh8 42. Rgf7 Ne5 43. Rh7+ Kg8 44. Rdg7+ Kf8 45.
Rh8+ Kxg7 46. Rxb8 Nc6 47. a6 h4 48. Rb3 Kh6 49. Kxb2 Kg5 50. Rc3 Na7 51. Rc7
h3 52. Rxa7 Kh6 53. Rh7+ 1-0

[Event "XXIX Open"]
[Site "Donostia San Sebastian ESP"]
[Date "2006.04.10"]
[Round "4"]
[White "Ivanov, Jo"]
[Black "Gattegno, L."]
[Result "1-0"]
[WhiteElo "2364"]
[BlackElo "2048"]
[PlyCount "81"]
[EventDate "2006.04.08"]

1. Nf3 d6 2. d4 g6 3. c4 Nf6 4. Nc3 Bg7 5. e4 O-O 6. h3 c5 7. d5 e5 8. g4 Na6
9. Be3 Re8 10. Be2 Nc7 11. Nd2 a6 12. a4 Rb8 13. a5 b6 14. axb6 Rxb6 15. Ra2
Bd7 16. g5 Nh5 17. Bxh5 gxh5 18. Qxh5 Qb8 19. b3 Rxb3 20. Nxb3 Qxb3 21. Kd2
Qxc4 22. Qe2 Bb5 23. Qxc4 Bxc4 24. Ra4 Bb3 25. Ra3 Rb8 26. Rb1 c4 27. Ra4 Ra8
28. Ra5 Rb8 29. Ne2 Rb5 30. Rba1 Rb4 31. Nc3 Bf8 32. Na2 Rb7 33. Nc1 Nb5 34.
Nxb3 cxb3 35. Rb1 Nd4 36. Bxd4 exd4 37. Rxa6 h6 38. h4 b2 39. Ra2 hxg5 40. hxg5
Be7 41. f4 1-0

[Event "XXIX Open"]
[Site "Donostia San Sebastian ESP"]
[Date "2006.04.10"]
[Round "4"]
[White "Landa Ceballos, J."]
[Black "Llaneza Vega, M."]
[Result "0-1"]
[WhiteElo "2090"]
[BlackElo "2361"]
[PlyCount "44"]
[EventDate "2006.04.08"]

1. Nf3 c5 2. c4 Nc6 3. Nc3 e5 4. d3 g6 5. g3 Bg7 6. Bg2 Nge7 7. O-O O-O 8. Rb1
d6 9. a3 f5 10. Bd2 a5 11. Nb5 Kh8 12. b4 axb4 13. axb4 cxb4 14. Bxb4 Nxb4 15.
Rxb4 d5 16. Qc2 e4 17. Nd2 Bd7 18. cxd5 Nxd5 19. Rbb1 Bxb5 20. Rxb5 Nc3 21.
Rxb7 Ra2 22. Qb3 Rxd2 0-1

[Event "XXIX Open"]
[Site "Donostia San Sebastian ESP"]
[Date "2006.04.10"]
[Round "4"]
[White "Bergez, L."]
[Black "Torres, P."]
[Result "1-0"]
[WhiteElo "2340"]
[BlackElo "2045"]
[PlyCount "41"]
[EventDate "2006.04.08"]

1. e4 e6 2. d4 d5 3. Nc3 Bb4 4. Bd3 dxe4 5. Bxe4 Nf6 6. Bf3 c6 7. Nge2 Qc7 8.
Bf4 Bd6 9. Bxd6 Qxd6 10. O-O O-O 11. Ng3 Nbd7 12. Re1 Nb6 13. Qd3 Nbd5 14. Nce4
Nxe4 15. Nxe4 Qe7 16. Rad1 b6 17. c4 Nf4 18. Qe3 Qc7 19. c5 e5 20. Nd6 bxc5 21.
Qxe5 1-0

[Event "XXIX Open"]
[Site "Donostia San Sebastian ESP"]
[Date "2006.04.10"]
[Round "4"]
[White "Rodriguez Gonzalez, A."]
[Black "Sola, R."]
[Result "0-1"]
[WhiteElo "2060"]
[BlackElo "2337"]
[PlyCount "86"]
[EventDate "2006.04.08"]

1. e4 c5 2. Nc3 Nc6 3. f4 e6 4. Nf3 d5 5. exd5 exd5 6. Bb5 Nf6 7. O-O Be7 8. d3
O-O 9. Bxc6 bxc6 10. b3 Bd6 11. Na4 Nd7 12. c4 Qf6 13. Bb2 Qxf4 14. Qe2 Nb6 15.
Ne5 Qh6 16. Nxb6 axb6 17. Nf3 Bg4 18. h3 Rfe8 19. Qf2 Bxf3 20. Qxf3 Qe3+ 21.
Qf2 Qg3 22. Qe3 Rxe3 23. Rf3 Rae8 24. Raf1 Rxf3 25. Rxf3 Re1+ 26. Rf1 Re2 27.
Rf3 Rxb2 28. Rxg3 Re2 29. cxd5 cxd5 30. Rg5 d4 31. Rd5 g6 32. b4 Rc2 33. bxc5
bxc5 34. Kf1 Kg7 35. h4 Kf6 36. Rxd6+ Ke5 37. Rd7 Ke6 38. Rc7 h5 39. Rc6+ Kf5
40. Rc7 f6 41. g3 g5 42. Rh7 Kg4 43. Rf7 Kxg3 0-1

[Event "XXIX Open"]
[Site "Donostia San Sebastian ESP"]
[Date "2006.04.11"]
[Round "5"]
[White "Rayner, F."]
[Black "Argandona Rivero, I."]
[Result "1/2-1/2"]
[WhiteElo "2205"]
[BlackElo "2382"]
[PlyCount "42"]
[EventDate "2006.04.08"]

1. c4 b6 2. Nc3 Bb7 3. e4 e6 4. Nf3 Bb4 5. Qb3 Na6 6. d3 f6 7. Be2 Ne7 8. a3
Nc5 9. Qc2 Bxc3+ 10. Qxc3 a5 11. Be3 a4 12. O-O O-O 13. Nd2 d6 14. f3 e5 15. f4
Nc6 16. f5 Qe8 17. Kh1 Nd4 18. Bxd4 exd4 19. Qxd4 Qe5 20. Qc3 Qxc3 21. bxc3
Rfe8 1/2-1/2

[Event "XXIX Open"]
[Site "Donostia San Sebastian ESP"]
[Date "2006.04.11"]
[Round "5"]
[White "Colovic, A."]
[Black "Cruz Lopez Claret, C."]
[Result "1-0"]
[WhiteElo "2459"]
[BlackElo "2330"]
[PlyCount "25"]
[EventDate "2006.04.08"]

1. e4 e5 2. Nf3 Nc6 3. Bb5 a6 4. Ba4 Nf6 5. d3 d6 6. c3 g6 7. O-O Bg7 8. Re1
O-O 9. Bg5 b5 10. Bc2 Bb7 11. a4 Nb8 12. Na3 c6 13. b4 1-0

[Event "XXIX Open"]
[Site "Donostia San Sebastian ESP"]
[Date "2006.04.11"]
[Round "5"]
[White "Jakobsen, O."]
[Black "Rodriguez Lopez, R."]
[Result "1/2-1/2"]
[WhiteElo "2388"]
[BlackElo "2267"]
[PlyCount "52"]
[EventDate "2006.04.08"]

1. d4 Nf6 2. c4 e6 3. Nf3 b6 4. Nc3 Bb7 5. a3 d5 6. Bg5 dxc4 7. e3 Be7 8. Bxc4
O-O 9. O-O Nbd7 10. Qe2 h6 11. Bh4 Ne4 12. Bg3 Nxc3 13. bxc3 Bd6 14. e4 Bxg3
15. hxg3 c5 16. d5 exd5 17. Bxd5 Bxd5 18. exd5 Re8 19. Qd3 Ne5 20. Nxe5 Rxe5
21. c4 b5 22. Rfd1 bxc4 23. Qxc4 Qd6 24. Rac1 Rc8 25. Rc3 g6 26. Rcc1 h5
1/2-1/2

[Event "XXIX Open"]
[Site "Donostia San Sebastian ESP"]
[Date "2006.04.11"]
[Round "5"]
[White "Huesmann, T."]
[Black "Contin, D."]
[Result "1-0"]
[WhiteElo "2303"]
[BlackElo "2396"]
[PlyCount "101"]
[EventDate "2006.04.08"]

1. e4 e6 2. d4 d5 3. Nc3 Bb4 4. a3 Bxc3+ 5. bxc3 dxe4 6. Qg4 Nf6 7. Qxg7 Rg8 8.
Qh6 Nbd7 9. Ne2 b6 10. Ng3 Bb7 11. Be2 Qe7 12. a4 Rg6 13. Qh4 c5 14. a5 Ng4 15.
Qxe7+ Kxe7 16. Nxe4 Bxe4 17. f3 Bc6 18. fxg4 Bxg2 19. Rg1 Be4 20. axb6 axb6 21.
Rxa8 Bxa8 22. Be3 e5 23. Bd3 e4 24. Bb5 Bc6 25. Be2 Kd6 26. g5 Bd5 27. c4 cxd4
28. Bf4+ Ne5 29. cxd5 Kxd5 30. Bh5 Rc6 31. Kd1 Ng6 32. Bg3 f5 33. Rf1 Ke6 34.
Bxg6 hxg6 35. Rf4 b5 36. Rh4 Kd5 37. Rh7 Kc4 38. h4 Ra6 39. Rc7+ Kb4 40. Be1+
Ka3 41. Rc5 f4 42. Rxb5 f3 43. Ra5+ Rxa5 44. Bxa5 Kb2 45. h5 e3 46. Bb6 Kc3 47.
h6 f2 48. Ke2 f1=Q+ 49. Kxf1 Kd2 50. Bxd4 Kxc2 51. Ke2 1-0

[Event "XXIX Open"]
[Site "Donostia San Sebastian ESP"]
[Date "2006.04.11"]
[Round "5"]
[White "Ninov, N."]
[Black "Cornette, M."]
[Result "1/2-1/2"]
[WhiteElo "2494"]
[BlackElo "2448"]
[PlyCount "105"]
[EventDate "2006.04.08"]

1. e4 d5 2. exd5 Qxd5 3. Nc3 Qa5 4. d4 Nf6 5. Nf3 c6 6. Bd2 Bf5 7. Bc4 e6 8.
Nd5 Qd8 9. Nxf6+ Qxf6 10. Qe2 Bg4 11. d5 Bxf3 12. gxf3 cxd5 13. Bxd5 Nd7 14.
O-O-O O-O-O 15. Qc4+ Kb8 16. Bf4+ e5 17. Bg3 Bd6 18. Bxf7 Qxf3 19. Bd5 Qf6 20.
Bg2 Rc8 21. Qh4 g5 22. Qe4 Rc7 23. Rxd6 Qxd6 24. Rd1 Qe6 25. Rxd7 Qxd7 26. Bxe5
Qc8 27. Qe3 h6 28. f4 Ka8 29. Bxc7 Qxc7 30. fxg5 hxg5 31. Qxg5 Qxh2 32. b4 Qh6
33. Qxh6 Rxh6 34. Kb2 Kb8 35. Kb3 Kc7 36. a4 Rh2 37. Be4 Rh4 38. Bd3 Rh5 39. a5
Kd6 40. Be4 b6 41. axb6 axb6 42. c3 Ke5 43. Bc6 Kf4 44. c4 Ke3 45. Ka4 Kd4 46.
Bd5 Kc3 47. Kb5 Rh6 48. c5 Kd4 49. Bf3 bxc5 50. bxc5 Rh3 51. c6 Rxf3 52. c7 Rc3
53. Kb6 1/2-1/2

[Event "XXIX Open"]
[Site "Donostia San Sebastian ESP"]
[Date "2006.04.11"]
[Round "5"]
[White "Hanley, C."]
[Black "Prie, E."]
[Result "1/2-1/2"]
[WhiteElo "2418"]
[BlackElo "2475"]
[PlyCount "83"]
[EventDate "2006.04.08"]

1. e4 d5 2. exd5 Qxd5 3. Nc3 Qa5 4. Nf3 Nf6 5. Bc4 Bg4 6. h3 Bh5 7. Qe2 e6 8.
d3 Nc6 9. g4 Bg6 10. Bb5 Bb4 11. Bd2 Nd7 12. Bxc6 bxc6 13. Nh4 Rb8 14. a3 Be7
15. Nxg6 hxg6 16. Ne4 Qb5 17. Bc3 Nf6 18. O-O-O Rh7 19. Nxf6+ gxf6 20. f4 f5
21. Be5 Kd7 22. gxf5 gxf5 23. h4 Bd6 24. Rh3 Bxe5 25. Qxe5 Qxe5 26. fxe5 Rh5
27. Rg1 Rbh8 28. Kd2 Ke7 29. b4 a5 30. Kc3 axb4+ 31. axb4 Rxh4 32. Rxh4 Rxh4
33. Rg8 f4 34. Rc8 Kd7 35. Rf8 Ke7 36. Rc8 Kd7 37. Rf8 Rh7 38. Kd4 Ke7 39. Rc8
Kd7 40. Rf8 Ke7 41. Rc8 Kd7 42. Rf8 1/2-1/2